[Event "DEM U14w 2018"]
[Site "Willingen GER"]
[Date "2018.05.25"]
[Round "8"]
[White "Mellugja, Ornela"]
[Black "Kalina, Lena"]
[Result "0-1"]
[Termination "normal"]
[Board "13"]
[WhiteElo "747"]
[BlackElo "1479"]
[WhiteClock "01:23:40"]
[BlackClock "01:11:02"]
[PlyCount "134"]
[WhiteFideId "16265998"]
[BlackFideId "12988014"]
[EventCountry "GER"]
[EventRounds "9"]
[EventType "swiss"]
[EventDate "2018.05.19"]

1. d4 {[%clk 1:30:58]} 1... Nf6 {[%clk 1:30:46]} 2. Nc3 {[%clk 1:30:32]} 2...
d5 {[%clk 1:29:38]} 3. Bf4 {[%clk 1:30:44]} 3... g6 {[%clk 1:28:10]} 4. Nb5 {
[%clk 1:30:11]} 4... Na6 {[%clk 1:28:19]} 5. e3 {[%clk 1:28:01]} 5... c6 {
[%clk 1:27:19]} 6. Nc3 {[%clk 1:27:55]} 6... Nc7 {[%clk 1:25:56]} 7. Bg5 {
[%clk 1:28:01]} 7... Bg7 {[%clk 1:25:05]} 8. Bxf6 {[%clk 1:27:07]} 8... Bxf6 {
[%clk 1:25:24]} 9. e4 {[%clk 1:26:42]} 9... dxe4 {[%clk 1:25:28]} 10. Nxe4 {
[%clk 1:26:49]} 10... Qxd4 {[%clk 1:23:54]} 11. Qxd4 {[%clk 1:26:09]} 11...
Bxd4 {[%clk 1:24:11]} 12. Rb1 {[%clk 1:26:12]} 12... O-O {[%clk 1:23:53]} 13.
c3 {[%clk 1:26:22]} 13... Bg7 {[%clk 1:24:16]} 14. Rd1 {[%clk 1:25:41]} 14...
Bf5 {[%clk 1:23:10]} 15. Bd3 {[%clk 1:25:47]} 15... Rad8 {[%clk 1:21:49]} 16.
f3 {[%clk 1:25:20]} 16... Nd5 {[%clk 1:20:19]} 17. g4 {[%clk 1:23:53]} 17...
Bxe4 {[%clk 1:20:14]} 18. fxe4 {[%clk 1:23:58]} 18... Nf4 {[%clk 1:19:03]} 19.
Bc2 {[%clk 1:23:30]} 19... Ng2+ {[%clk 1:18:13]} 20. Kf2 {[%clk 1:22:59]} 20...
Nf4 {[%clk 1:17:32]} 21. Ne2 {[%clk 1:22:55]} 21... Ne6 {[%clk 1:16:24]} 22.
Rxd8 {[%clk 1:22:50]} 22... Rxd8 {[%clk 1:16:34]} 23. Rd1 {[%clk 1:22:10]}
23... Be5 {[%clk 1:11:29]} 24. Rxd8+ {[%clk 1:22:08]} 24... Nxd8 { [%clk
1:11:50]} 25. Kg1 {[%clk 1:21:44]} 25... Ne6 {[%clk 1:11:16]} 26. Bb3 { [%clk
1:21:47]} 26... Ng5 {[%clk 1:10:46]} 27. h4 {[%clk 1:19:44]} 27... Nxe4 { [%clk
1:10:26]} 28. Nc1 {[%clk 1:18:36]} 28... Nd2 {[%clk 1:09:30]} 29. Ba4 { [%clk
1:17:59]} 29... Nf3+ {[%clk 1:10:21]} 30. Kg2 {[%clk 1:18:13]} 30... Nxh4+
{[%clk 1:10:14]} 31. Kh3 {[%clk 1:18:35]} 31... Nf3 {[%clk 1:10:31]} 32. Kg2
{[%clk 1:18:24]} 32... Ng5 {[%clk 1:09:51]} 33. Nd3 {[%clk 1:18:28]} 33... Bd6
{[%clk 1:09:05]} 34. b4 {[%clk 1:18:35]} 34... b5 {[%clk 1:07:29]} 35. Bb3
{[%clk 1:18:31]} 35... Ne4 {[%clk 1:07:36]} 36. c4 {[%clk 1:18:32]} 36... bxc4
{[%clk 1:07:01]} 37. Bxc4 {[%clk 1:18:48]} 37... Nc3 {[%clk 1:04:54]} 38. Nc5 {
[%clk 1:18:25]} 38... Bxc5 {[%clk 1:04:35]} 39. bxc5 {[%clk 1:18:43]} 39... Ne4
{[%clk 1:04:27]} 40. Bb3 {[%clk 1:18:12]} 40... Nxc5 {[%clk 1:04:50]} 41. Kg3 {
[%clk 1:18:10]} 41... Nxb3 {[%clk 1:05:10]} 42. axb3 {[%clk 1:18:31]} 42... Kg7
{[%clk 1:05:00]} 43. Kh4 {[%clk 1:18:45]} 43... Kf6 {[%clk 1:05:20]} 44. Kg3 {
[%clk 1:18:28]} 44... Ke5 {[%clk 1:05:35]} 45. Kf2 {[%clk 1:18:45]} 45... Kf4 {
[%clk 1:05:58]} 46. Ke2 {[%clk 1:19:00]} 46... Kxg4 {[%clk 1:06:22]} 47. Kd2 {
[%clk 1:19:25]} 47... h5 {[%clk 1:06:46]} 48. b4 {[%clk 1:19:51]} 48... h4 {
[%clk 1:07:08]} 49. Ke2 {[%clk 1:20:18]} 49... Kg3 {[%clk 1:07:19]} 50. Kf1 {
[%clk 1:20:39]} 50... h3 {[%clk 1:07:25]} 51. Kg1 {[%clk 1:20:45]} 51... e5 {
[%clk 1:07:50]} 52. b5 {[%clk 1:20:11]} 52... cxb5 {[%clk 1:08:12]} 53. Kh1 {
[%clk 1:19:40]} 53... b4 {[%clk 1:08:34]} 54. Kg1 {[%clk 1:20:06]} 54... b3 {
[%clk 1:09:00]} 55. Kf1 {[%clk 1:20:31]} 55... b2 {[%clk 1:09:25]} 56. Ke2 {
[%clk 1:20:54]} 56... b1=Q {[%clk 1:09:46]} 57. Ke3 {[%clk 1:21:16]} 57... Qe1+
{[%clk 1:09:32]} 58. Kd3 {[%clk 1:21:25]} 58... e4+ {[%clk 1:09:44]} 59. Kd4 {
[%clk 1:21:44]} 59... Qf2+ {[%clk 1:09:34]} 60. Kxe4 {[%clk 1:21:53]} 60...
Qf5+ {[%clk 1:09:53]} 61. Ke3 {[%clk 1:22:02]} 61... Qf4+ {[%clk 1:09:55]} 62.
Kd3 {[%clk 1:22:19]} 62... Kg4 {[%clk 1:09:55]} 63. Kc2 {[%clk 1:22:28]} 63...
Qe3 {[%clk 1:10:06]} 64. Kb2 {[%clk 1:22:45]} 64... Qd3 {[%clk 1:10:21]} 65.
Ka1 {[%clk 1:22:52]} 65... Qd2 {[%clk 1:10:12]} 66. Kb1 {[%clk 1:23:13]} 66...
h2 {[%clk 1:10:37]} 67. Ka1 {[%clk 1:23:40]} 67... h1=R# {[%clk 1:11:02]} 0-1

[Event "DEM U14w 2018"]
[Site "Willingen GER"]
[Date "2018.05.26"]
[Round "9"]
[White "Brunner, Sophia"]
[Black "Glinzner, Alva"]
[Result "0-1"]
[Termination "normal"]
[Board "1"]
[WhiteElo "1742"]
[BlackElo "1813"]
[WhiteClock "00:01:35"]
[BlackClock "00:30:50"]
[PlyCount "140"]
[WhiteFideId "12960683"]
[BlackFideId "16206169"]
[EventCountry "GER"]
[EventRounds "9"]
[EventType "swiss"]
[EventDate "2018.05.19"]

1. d4 {[%clk 1:30:58]} 1... d5 {[%clk 1:30:52]} 2. e3 {[%clk 1:31:08]} 2... Bf5
{[%clk 1:31:03]} 3. Be2 {[%clk 1:28:00]} 3... e6 {[%clk 1:30:52]} 4. Nf3 {
[%clk 1:27:28]} 4... Bd6 {[%clk 1:30:34]} 5. c4 {[%clk 1:26:59]} 5... c6 {
[%clk 1:30:36]} 6. Nc3 {[%clk 1:26:52]} 6... Nd7 {[%clk 1:30:37]} 7. Bd3 {
[%clk 1:21:49]} 7... Bxd3 {[%clk 1:30:39]} 8. Qxd3 {[%clk 1:22:13]} 8... Ngf6 {
[%clk 1:30:43]} 9. O-O {[%clk 1:21:35]} 9... O-O {[%clk 1:30:48]} 10. b3 {
[%clk 1:20:13]} 10... Re8 {[%clk 1:29:01]} 11. cxd5 {[%clk 1:11:58]} 11... exd5
{[%clk 1:29:17]} 12. Bb2 {[%clk 1:09:26]} 12... Ne4 {[%clk 1:27:17]} 13. Ne2 {
[%clk 1:06:43]} 13... Bc7 {[%clk 1:18:58]} 14. Ng3 {[%clk 1:04:17]} 14... Qf6 {
[%clk 1:14:57]} 15. Nd2 {[%clk 0:56:06]} 15... Qh6 {[%clk 1:12:21]} 16. Ndxe4 {
[%clk 0:46:38]} 16... Rxe4 {[%clk 1:10:55]} 17. f4 {[%clk 0:46:32]} 17... Ree8
{[%clk 1:10:52]} 18. Qe2 {[%clk 0:45:48]} 18... Nf6 {[%clk 1:09:21]} 19. h3 {
[%clk 0:41:47]} 19... Qg6 {[%clk 1:05:13]} 20. Qf3 {[%clk 0:40:44]} 20... h5 {
[%clk 1:03:10]} 21. Rfe1 {[%clk 0:31:17]} 21... h4 {[%clk 0:57:08]} 22. Nh1 {
[%clk 0:25:54]} 22... Qc2 {[%clk 0:47:36]} 23. Qf2 {[%clk 0:25:36]} 23... Qh7 {
[%clk 0:43:30]} 24. Qf3 {[%clk 0:20:56]} 24... Qf5 {[%clk 0:40:10]} 25. g4 {
[%clk 0:15:36]} 25... hxg3 {[%clk 0:37:27]} 26. Qxg3 {[%clk 0:15:42]} 26... Re6
{[%clk 0:31:56]} 27. Nf2 {[%clk 0:06:33]} 27... Rae8 {[%clk 0:31:51]} 28. Kf1 {
[%clk 0:05:24]} 28... Nh5 {[%clk 0:29:34]} 29. Qg4 {[%clk 0:05:39]} 29... Rxe3
{[%clk 0:26:43]} 30. Rxe3 {[%clk 0:01:52]} 30... Rxe3 {[%clk 0:27:08]} 31. Qxf5
{[%clk 0:00:51]} 31... Ng3+ {[%clk 0:27:33]} 32. Kg2 {[%clk 0:01:16]} 32...
Nxf5 {[%clk 0:27:58]} 33. Bc1 {[%clk 0:00:55]} 33... Re2 {[%clk 0:28:13]} 34.
Kf1 {[%clk 0:00:57]} 34... Re8 {[%clk 0:28:12]} 35. Bb2 {[%clk 0:00:45]} 35...
Bxf4 {[%clk 0:27:59]} 36. Kg2 {[%clk 0:00:54]} 36... Nh4+ {[%clk 0:26:18]} 37.
Kf1 {[%clk 0:01:14]} 37... Be3 {[%clk 0:25:03]} 38. Re1 {[%clk 0:01:09]} 38...
Re6 {[%clk 0:24:36]} 39. Ng4 {[%clk 0:01:13]} 39... Bf4 {[%clk 0:22:23]} 40.
Rd1 {[%clk 0:00:46]} 40... Nf5 {[%clk 0:21:50]} 41. Kf2 {[%clk 0:25:07]} 41...
Ne3 {[%clk 0:50:57]} 42. Rd3 {[%clk 0:20:49]} 42... Nxg4+ {[%clk 0:49:35]} 43.
hxg4 {[%clk 0:21:17]} 43... Re4 {[%clk 0:49:33]} 44. Kf3 {[%clk 0:20:59]} 44...
Kh7 {[%clk 0:49:22]} 45. Rd1 {[%clk 0:20:55]} 45... Kg6 {[%clk 0:49:25]} 46.
Rh1 {[%clk 0:20:20]} 46... Bg5 {[%clk 0:48:18]} 47. Rg1 {[%clk 0:13:15]} 47...
Bf6 {[%clk 0:45:22]} 48. Rd1 {[%clk 0:13:09]} 48... Bg5 {[%clk 0:41:56]} 49. b4
{[%clk 0:09:40]} 49... Re3+ {[%clk 0:41:38]} 50. Kf2 {[%clk 0:10:03]} 50... Bf4
{[%clk 0:37:32]} 51. Bc1 {[%clk 0:09:23]} 51... Re4 {[%clk 0:37:55]} 52. Bb2 {
[%clk 0:09:52]} 52... Kg5 {[%clk 0:38:02]} 53. Rh1 {[%clk 0:06:46]} 53... Be3+
{[%clk 0:37:18]} 54. Kf3 {[%clk 0:07:13]} 54... Bxd4 {[%clk 0:37:28]} 55. Bc1+
{[%clk 0:06:32]} 55... Kg6 {[%clk 0:37:48]} 56. a3 {[%clk 0:04:29]} 56... Bc3 {
[%clk 0:37:15]} 57. Rh2 {[%clk 0:03:56]} 57... a5 {[%clk 0:37:19]} 58. bxa5 {
[%clk 0:03:45]} 58... Bxa5 {[%clk 0:37:45]} 59. Rb2 {[%clk 0:03:59]} 59... b5 {
[%clk 0:37:22]} 60. Rc2 {[%clk 0:04:26]} 60... Rc4 {[%clk 0:36:54]} 61. Rxc4 {
[%clk 0:04:39]} 61... bxc4 {[%clk 0:36:30]} 62. Kf4 {[%clk 0:04:44]} 62... Bc7+
{[%clk 0:36:15]} 63. Ke3 {[%clk 0:05:08]} 63... c5 {[%clk 0:36:16]} 64. Kf3 {
[%clk 0:04:20]} 64... f5 {[%clk 0:35:36]} 65. a4 {[%clk 0:03:01]} 65... fxg4+ {
[%clk 0:34:46]} 66. Kxg4 {[%clk 0:03:29]} 66... c3 {[%clk 0:34:30]} 67. Kf3 {
[%clk 0:03:45]} 67... Kf5 {[%clk 0:33:39]} 68. Ba3 {[%clk 0:03:03]} 68... c4 {
[%clk 0:31:44]} 69. Bb4 {[%clk 0:02:09]} 69... d4 {[%clk 0:30:28]} 70. a5 {
[%clk 0:01:35]} 70... c2 {[%clk 0:30:50]} 0-1

[Event "DEM U14w 2018"]
[Site "Willingen GER"]
[Date "2018.05.26"]
[Round "9"]
[White "Ziegenfuß, Antonia"]
[Black "Basovskiy, Jana"]
[Result "1-0"]
[Termination "normal"]
[Board "2"]
[WhiteElo "1956"]
[BlackElo "1862"]
[WhiteClock "00:01:21"]
[BlackClock "00:01:08"]
[PlyCount "81"]
[WhiteFideId "12962554"]
[BlackFideId "16208617"]
[EventCountry "GER"]
[EventRounds "9"]
[EventType "swiss"]
[EventDate "2018.05.19"]

1. d4 {[%clk 1:30:58]} 1... Nf6 {[%clk 1:30:57]} 2. c4 {[%clk 1:31:22]} 2... e6
{[%clk 1:31:22]} 3. Nc3 {[%clk 1:31:44]} 3... Bb4 {[%clk 1:31:49]} 4. f3 {
[%clk 1:31:15]} 4... d5 {[%clk 1:32:00]} 5. a3 {[%clk 1:31:32]} 5... Bxc3+ {
[%clk 1:32:03]} 6. bxc3 {[%clk 1:31:57]} 6... O-O {[%clk 1:31:40]} 7. cxd5 {
[%clk 1:31:46]} 7... exd5 {[%clk 1:32:02]} 8. e3 {[%clk 1:31:52]} 8... Nh5 {
[%clk 1:31:53]} 9. Qc2 {[%clk 1:27:30]} 9... Re8 {[%clk 1:31:11]} 10. Bd3 {
[%clk 1:26:38]} 10... Qh4+ {[%clk 1:30:35]} 11. Qf2 {[%clk 1:26:35]} 11... Nf4
{[%clk 1:30:46]} 12. Bf1 {[%clk 1:19:07]} 12... Qf6 {[%clk 1:29:57]} 13. g3 {
[%clk 1:17:44]} 13... Ne6 {[%clk 1:28:30]} 14. Ne2 {[%clk 1:14:32]} 14... Nd7 {
[%clk 1:22:39]} 15. Bg2 {[%clk 1:13:17]} 15... c5 {[%clk 1:20:01]} 16. O-O {
[%clk 1:10:32]} 16... b6 {[%clk 1:15:17]} 17. f4 {[%clk 1:04:41]} 17... Bb7 {
[%clk 1:15:06]} 18. c4 {[%clk 0:58:39]} 18... cxd4 {[%clk 1:06:08]} 19. cxd5 {
[%clk 0:56:08]} 19... dxe3 {[%clk 1:03:47]} 20. Bxe3 {[%clk 0:56:25]} 20...
Nec5 {[%clk 1:03:03]} 21. Rad1 {[%clk 0:45:42]} 21... Qe7 {[%clk 0:53:04]} 22.
Bxc5 {[%clk 0:42:37]} 22... Nxc5 {[%clk 0:53:00]} 23. Nc3 {[%clk 0:37:36]}
23... Qd7 {[%clk 0:45:32]} 24. f5 {[%clk 0:27:08]} 24... Ba6 {[%clk 0:34:34]}
25. d6 {[%clk 0:13:38]} 25... Rad8 {[%clk 0:29:22]} 26. Rfe1 {[%clk 0:06:51]}
26... Rxe1+ {[%clk 0:27:56]} 27. Qxe1 {[%clk 0:07:03]} 27... Re8 { [%clk
0:17:48]} 28. Qf2 {[%clk 0:06:09]} 28... Re5 {[%clk 0:10:22]} 29. f6 { [%clk
0:04:13]} 29... Rf5 {[%clk 0:02:51]} 30. Bh3 {[%clk 0:04:20]} 30... Rxf2 {[%clk
0:03:17]} 31. Bxd7 {[%clk 0:04:46]} 31... Rc2 {[%clk 0:01:27]} 32. Bb5 { [%clk
0:04:25]} 32... Bxb5 {[%clk 0:01:38]} 33. Nxb5 {[%clk 0:04:51]} 33... Nd7
{[%clk 0:01:41]} 34. Nc7 {[%clk 0:00:59]} 34... Rc6 {[%clk 0:01:23]} 35. Nd5 {
[%clk 0:01:00]} 35... Kf8 {[%clk 0:01:17]} 36. Ne7 {[%clk 0:00:52]} 36... Rc3 {
[%clk 0:01:28]} 37. Rd4 {[%clk 0:00:48]} 37... gxf6 {[%clk 0:01:41]} 38. Rg4 {
[%clk 0:01:13]} 38... Ke8 {[%clk 0:01:34]} 39. Rg8+ {[%clk 0:01:25]} 39... Nf8
{[%clk 0:02:02]} 40. Nd5 {[%clk 0:01:08]} 40... Rf3 {[%clk 0:01:08]} 41. Rxf8+
{[%clk 0:01:21]} 1-0

[Event "DEM U14w 2018"]
[Site "Willingen GER"]
[Date "2018.05.26"]
[Round "9"]
[White "Bardorz, Jana"]
[Black "Rudolph, Eva"]
[Result "1-0"]
[Termination "normal"]
[Board "3"]
[WhiteElo "1622"]
[BlackElo "1760"]
[WhiteClock "00:15:05"]
[BlackClock "00:07:26"]
[PlyCount "119"]
[WhiteFideId "16208897"]
[BlackFideId "16200594"]
[EventCountry "GER"]
[EventRounds "9"]
[EventType "swiss"]
[EventDate "2018.05.19"]

1. e4 {[%clk 1:30:58]} 1... e5 {[%clk 1:30:56]} 2. Nf3 {[%clk 1:31:24]} 2...
Nf6 {[%clk 1:31:21]} 3. Nc3 {[%clk 1:31:46]} 3... Nc6 {[%clk 1:31:47]} 4. Bb5 {
[%clk 1:32:08]} 4... Nd4 {[%clk 1:31:59]} 5. Ba4 {[%clk 1:31:56]} 5... Bc5 {
[%clk 1:26:41]} 6. d3 {[%clk 1:29:03]} 6... O-O {[%clk 1:23:20]} 7. O-O { [%clk
1:26:50]} 7... d6 {[%clk 1:21:41]} 8. h3 {[%clk 1:23:30]} 8... h6 { [%clk
1:17:27]} 9. Nxd4 {[%clk 1:20:31]} 9... Bxd4 {[%clk 1:11:38]} 10. Ne2 { [%clk
1:18:41]} 10... Bb6 {[%clk 1:10:57]} 11. Ng3 {[%clk 1:14:30]} 11... c6 { [%clk
1:04:15]} 12. Kh1 {[%clk 1:05:53]} 12... Ng4 {[%clk 0:50:17]} 13. Qf3 { [%clk
0:56:51]} 13... Qh4 {[%clk 0:44:51]} 14. Kg1 {[%clk 0:54:24]} 14... d5 { [%clk
0:39:41]} 15. hxg4 {[%clk 0:46:56]} 15... g6 {[%clk 0:24:25]} 16. Nh1 { [%clk
0:38:23]} 16... Bxg4 {[%clk 0:17:53]} 17. Qg3 {[%clk 0:37:25]} 17... Qh5 {[%clk
0:18:06]} 18. Qh2 {[%clk 0:35:37]} 18... Qxh2+ {[%clk 0:16:34]} 19. Kxh2 {[%clk
0:36:00]} 19... Kg7 {[%clk 0:16:24]} 20. f3 {[%clk 0:32:27]} 20... Be6 { [%clk
0:16:14]} 21. c3 {[%clk 0:30:06]} 21... h5 {[%clk 0:12:50]} 22. Bd2 { [%clk
0:26:43]} 22... Rh8 {[%clk 0:10:10]} 23. Rae1 {[%clk 0:20:54]} 23... h4 { [%clk
0:09:35]} 24. Be3 {[%clk 0:19:12]} 24... Bc7 {[%clk 0:09:36]} 25. f4 { [%clk
0:17:06]} 25... dxe4 {[%clk 0:04:14]} 26. dxe4 {[%clk 0:15:32]} 26... exf4
{[%clk 0:03:01]} 27. Bxf4 {[%clk 0:14:51]} 27... Bxf4+ {[%clk 0:03:11]} 28.
Rxf4 {[%clk 0:15:13]} 28... g5 {[%clk 0:03:26]} 29. Rf2 {[%clk 0:09:43]} 29...
Rad8 {[%clk 0:02:08]} 30. Bb3 {[%clk 0:09:09]} 30... g4 {[%clk 0:01:44]} 31.
Rf4 {[%clk 0:07:24]} 31... g3+ {[%clk 0:01:29]} 32. Kg1 {[%clk 0:06:34]} 32...
Bxb3 {[%clk 0:00:53]} 33. axb3 {[%clk 0:06:54]} 33... Rd2 {[%clk 0:01:14] } 34.
Ref1 {[%clk 0:05:56]} 34... Rd7 {[%clk 0:00:35]} 35. e5 {[%clk 0:05:11]} 35...
Rh7 {[%clk 0:00:51]} 36. e6 {[%clk 0:04:54]} 36... Re7 {[%clk 0:00:35]} 37.
Rxf7+ {[%clk 0:04:41]} 37... Kg6 {[%clk 0:00:49]} 38. Rxh7 {[%clk 0:02:05]}
38... Rxh7 {[%clk 0:01:03]} 39. Re1 {[%clk 0:02:21]} 39... Re7 {[%clk 0:01:18]}
40. Kf1 {[%clk 0:02:04]} 40... Kf5 {[%clk 0:00:52]} 41. Re3 {[%clk 0:00:42]}
41... Kf4 {[%clk 0:25:18]} 42. Ke2 {[%clk 0:29:13]} 42... a5 {[%clk 0:24:21]}
43. Kd3 {[%clk 0:26:47]} 43... Kf5 {[%clk 0:22:37]} 44. Re4 {[%clk 0:25:57]}
44... Kg5 {[%clk 0:21:09]} 45. Ke3 {[%clk 0:23:54]} 45... b6 {[%clk 0:18:05]}
46. Kf3 {[%clk 0:22:51]} 46... b5 {[%clk 0:17:46]} 47. b4 {[%clk 0:20:53]}
47... axb4 {[%clk 0:15:43]} 48. cxb4 {[%clk 0:21:14]} 48... Kf5 {[%clk 0:11:19]
} 49. Rxh4 {[%clk 0:19:48]} 49... Rxe6 {[%clk 0:11:32]} 50. Nxg3+ { [%clk
0:19:49]} 50... Kg5 {[%clk 0:11:15]} 51. Rh5+ {[%clk 0:17:47]} 51... Kg6 {[%clk
0:11:29]} 52. Rc5 {[%clk 0:17:30]} 52... Kf7 {[%clk 0:09:57]} 53. Ne4 { [%clk
0:16:47]} 53... Rg6 {[%clk 0:09:52]} 54. g4 {[%clk 0:16:02]} 54... Rh6 { [%clk
0:08:47]} 55. Rh5 {[%clk 0:16:00]} 55... Rg6 {[%clk 0:08:48]} 56. Kf4 { [%clk
0:15:59]} 56... Ke6 {[%clk 0:08:21]} 57. Re5+ 57... Kf7 {[%clk 0:07:33]} 58. g5
{[%clk 0:15:41]} 58... Rg8 {[%clk 0:07:52]} 59. Kf5 {[%clk 0:15:20]} 59... Ra8
{[%clk 0:07:26]} 60. g6+ {[%clk 0:15:05]} 1-0

[Event "DEM U14w 2018"]
[Site "Willingen GER"]
[Date "2018.05.26"]
[Round "9"]
[White "Ricken, Katharina"]
[Black "Schnabel, Luise"]
[Result "0-1"]
[Termination "normal"]
[Board "4"]
[WhiteElo "1798"]
[BlackElo "1717"]
[WhiteClock "00:15:34"]
[BlackClock "00:07:25"]
[PlyCount "64"]
[WhiteFideId "16207017"]
[BlackFideId "12943347"]
[EventCountry "GER"]
[EventRounds "9"]
[EventType "swiss"]
[EventDate "2018.05.19"]

1. Nf3 {[%clk 1:30:59]} 1... d6 {[%clk 1:30:38]} 2. d4 {[%clk 1:31:24]} 2... g6
{[%clk 1:30:53]} 3. g3 {[%clk 1:31:44]} 3... Bg7 {[%clk 1:31:06]} 4. Bg2 {
[%clk 1:32:08]} 4... Nd7 {[%clk 1:31:17]} 5. O-O {[%clk 1:32:22]} 5... e5 {
[%clk 1:31:00]} 6. dxe5 {[%clk 1:32:27]} 6... dxe5 {[%clk 1:30:49]} 7. Nc3 {
[%clk 1:32:35]} 7... Ne7 {[%clk 1:29:59]} 8. Be3 {[%clk 1:32:45]} 8... O-O {
[%clk 1:27:17]} 9. Nd2 {[%clk 1:32:05]} 9... Nf5 {[%clk 1:20:14]} 10. Nc4 {
[%clk 1:31:30]} 10... Nxe3 {[%clk 1:18:48]} 11. Nxe3 {[%clk 1:31:40]} 11... c6
{[%clk 1:16:55]} 12. Nc4 {[%clk 1:31:12]} 12... Nb6 {[%clk 1:10:02]} 13. Nd6 {
[%clk 1:26:50]} 13... Qc7 {[%clk 1:06:08]} 14. Nxc8 {[%clk 1:26:48]} 14...
Raxc8 {[%clk 1:05:44]} 15. e4 {[%clk 1:22:26]} 15... Rcd8 {[%clk 0:59:46]} 16.
Qe2 {[%clk 1:22:39]} 16... Rd4 {[%clk 0:58:21]} 17. Rfd1 {[%clk 1:20:53]} 17...
Rfd8 {[%clk 0:56:36]} 18. Kf1 {[%clk 1:09:01]} 18... Bh6 {[%clk 0:52:40]} 19.
Rd3 {[%clk 0:56:50]} 19... Nc4 {[%clk 0:42:52]} 20. Nd1 {[%clk 0:40:30]} 20...
b5 {[%clk 0:27:36]} 21. a4 {[%clk 0:33:33]} 21... Qa5 {[%clk 0:24:04]} 22. b3 {
[%clk 0:29:54]} 22... Rxd3 {[%clk 0:21:57]} 23. cxd3 {[%clk 0:28:45]} 23...
Nd2+ {[%clk 0:21:38]} 24. Kg1 {[%clk 0:28:35]} 24... Nxb3 {[%clk 0:21:13]} 25.
Ra3 {[%clk 0:26:44]} 25... Nd4 {[%clk 0:18:13]} 26. Qf1 {[%clk 0:22:45]} 26...
b4 {[%clk 0:12:47]} 27. Ra1 {[%clk 0:21:28]} 27... Nb3 {[%clk 0:12:00]} 28. Ra2
{[%clk 0:21:08]} 28... Nc1 {[%clk 0:11:22]} 29. Rc2 {[%clk 0:20:22]} 29... Qxa4
{[%clk 0:10:40]} 30. Rc4 {[%clk 0:19:22]} 30... Nxd3 {[%clk 0:08:17]} 31. Qe2 {
[%clk 0:17:27]} 31... Nc1 {[%clk 0:07:03]} 32. Rxc1 {[%clk 0:15:34]} 32... Bxc1
{[%clk 0:07:25]} 0-1

[Event "DEM U14w 2018"]
[Site "Willingen GER"]
[Date "2018.05.26"]
[Round "9"]
[White "Peglau, Mirjam"]
[Black "Khamenya, Vitalia"]
[Result "0-1"]
[Termination "normal"]
[Board "5"]
[WhiteElo "1739"]
[BlackElo "1792"]
[WhiteClock "00:28:40"]
[BlackClock "00:09:21"]
[PlyCount "120"]
[WhiteFideId "16211138"]
[BlackFideId "12959260"]
[EventCountry "GER"]
[EventRounds "9"]
[EventType "swiss"]
[EventDate "2018.05.19"]

1. e4 {[%clk 1:30:59]} 1... c5 {[%clk 1:30:52]} 2. Nf3 {[%clk 1:31:24]} 2... d6
{[%clk 1:31:13]} 3. d4 {[%clk 1:31:49]} 3... cxd4 {[%clk 1:31:40]} 4. Nxd4 {
[%clk 1:32:13]} 4... Nf6 {[%clk 1:32:04]} 5. f3 {[%clk 1:32:09]} 5... e5 {
[%clk 1:32:16]} 6. Nb3 {[%clk 1:32:11]} 6... Be6 {[%clk 1:32:29]} 7. c4 { [%clk
1:31:56]} 7... Nbd7 {[%clk 1:32:27]} 8. Be3 {[%clk 1:30:42]} 8... b5 { [%clk
1:31:15]} 9. cxb5 {[%clk 1:28:39]} 9... d5 {[%clk 1:31:05]} 10. exd5 { [%clk
1:26:45]} 10... Nxd5 {[%clk 1:31:06]} 11. Bf2 {[%clk 1:25:50]} 11... Bb4+
{[%clk 1:25:57]} 12. N1d2 {[%clk 1:25:10]} 12... Qg5 {[%clk 1:17:29]} 13. h4 {
[%clk 1:08:45]} 13... Qg6 {[%clk 1:11:14]} 14. a3 {[%clk 1:06:05]} 14... Bxd2+
{[%clk 1:09:04]} 15. Nxd2 {[%clk 1:04:56]} 15... O-O {[%clk 1:00:12]} 16. Ne4 {
[%clk 0:57:02]} 16... f5 {[%clk 0:49:14]} 17. Ng5 {[%clk 0:55:27]} 17... N7b6 {
[%clk 0:33:43]} 18. Nxe6 {[%clk 0:53:39]} 18... Qxe6 {[%clk 0:34:12]} 19. Qb3 {
[%clk 0:48:15]} 19... e4 {[%clk 0:23:18]} 20. Bxb6 {[%clk 0:32:05]} 20... exf3+
{[%clk 0:23:35]} 21. Kd2 {[%clk 0:30:25]} 21... axb6 {[%clk 0:23:04]} 22. gxf3
{[%clk 0:26:23]} 22... Rfd8 {[%clk 0:21:33]} 23. Bd3 {[%clk 0:16:12]} 23...
Qe3+ {[%clk 0:21:05]} 24. Kc2 {[%clk 0:16:07]} 24... Rac8+ {[%clk 0:19:43]} 25.
Kb1 {[%clk 0:16:11]} 25... Qxf3 {[%clk 0:13:52]} 26. Rf1 {[%clk 0:15:37]} 26...
Qe3 {[%clk 0:11:21]} 27. Rxf5 {[%clk 0:15:21]} 27... Qe6 {[%clk 0:07:18]} 28.
Qa4 {[%clk 0:07:09]} 28... Ne3 {[%clk 0:06:18]} 29. Qe4 {[%clk 0:00:43]} 29...
Qxe4 {[%clk 0:06:16]} 30. Bxe4 {[%clk 0:01:12]} 30... Rd1+ {[%clk 0:06:00]} 31.
Ka2 {[%clk 0:01:30]} 31... Rxa1+ {[%clk 0:06:26]} 32. Kxa1 {[%clk 0:01:47]}
32... Nxf5 {[%clk 0:06:48]} 33. Bxf5 {[%clk 0:02:10]} 33... Rc1+ { [%clk
0:06:56]} 34. Ka2 {[%clk 0:02:27]} 34... Rh1 {[%clk 0:07:12]} 35. a4 { [%clk
0:02:24]} 35... Rxh4 {[%clk 0:07:17]} 36. Ka3 {[%clk 0:02:45]} 36... Kf7 {[%clk
0:02:12]} 37. b4 {[%clk 0:02:28]} 37... g6 {[%clk 0:01:36]} 38. Bc8 { [%clk
0:01:16]} 38... Ke7 {[%clk 0:01:36]} 39. a5 {[%clk 0:01:32]} 39... Kd8 { [%clk
0:01:20]} 40. Be6 {[%clk 0:00:51]} 40... Kc7 {[%clk 0:01:07]} 41. Bd5 { [%clk
0:29:45]} 41... g5 {[%clk 0:28:46]} 42. Kb3 {[%clk 0:30:01]} 42... g4 { [%clk
0:27:56]} 43. Kc3 {[%clk 0:29:36]} 43... g3 {[%clk 0:27:29]} 44. Kd3 { [%clk
0:29:02]} 44... Rg4 {[%clk 0:24:07]} 45. Bg2 {[%clk 0:29:23]} 45... h5 { [%clk
0:23:01]} 46. Ke3 {[%clk 0:29:42]} 46... h4 {[%clk 0:16:19]} 47. Kf3 { [%clk
0:29:16]} 47... Rxb4 {[%clk 0:15:29]} 48. axb6+ {[%clk 0:28:29]} 48... Kxb6
{[%clk 0:15:51]} 49. Bf1 {[%clk 0:28:36]} 49... Rxb5 {[%clk 0:13:45]} 50. Kg4
{[%clk 0:28:49]} 50... Rb4+ {[%clk 0:14:07]} 51. Kf3 {[%clk 0:28:58]} 51... Kc5
{[%clk 0:13:44]} 52. Bh3 {[%clk 0:29:11]} 52... Kd5 {[%clk 0:13:17]} 53. Bg2
{[%clk 0:29:19]} 53... Ke5 {[%clk 0:13:25]} 54. Bh3 {[%clk 0:29:21]} 54... Rb3+
{[%clk 0:11:56]} 55. Kg2 {[%clk 0:28:58]} 55... Kf4 {[%clk 0:12:05]} 56. Be6
{[%clk 0:28:30]} 56... Rb2+ {[%clk 0:12:16]} 57. Kg1 {[%clk 0:28:38]} 57... Rh2
{[%clk 0:09:37]} 58. Bd5 {[%clk 0:28:33]} 58... h3 {[%clk 0:09:02]} 59. Be6
{[%clk 0:28:48]} 59... Kg5 {[%clk 0:09:07]} 60. Bd7 {[%clk 0:28:40]} 60... Kh4
{[%clk 0:09:21]} 0-1